| 000 | 00335nam a22001337a 4500 | ||
|---|---|---|---|
| 020 | _a9780596153939 | ||
| 040 | _cNUST | ||
| 082 |
_a658.4038 _bMIL |
||
| 100 |
_aMilton, Michael _9123077 |
||
| 245 | _aHead First Data Analysis | ||
| 260 |
_aO'Reilly: _bBeijing, _c2009. |
||
| 650 |
_aBusiness Data Processing _9113041 |
||
| 942 |
_2ddc _cBK |
||
| 999 |
_c609388 _d609388 |
||